| 000 | 00646nam a22001697a 4500 | ||
|---|---|---|---|
| 005 | 20251108174812.0 | ||
| 008 | 250721s2009 xx 000 0 ara d | ||
| 082 | 1 | 4 | _a355.09565/تار |
| 245 | 1 | 0 | _aالتاريخ العسكري للقوات المسلحة الأردنية / الجيش العربي 1921 - 2008 / |
| 264 | 1 |
_aعمان : _bمديرية التوجيه المعنوي القيادة العامة للقوات المسلحة الأردنية، _c2009. |
|
| 300 | _a456ص. | ||
| 650 | 1 | 7 | _aالقوات المسلحة الأردنية |
| 650 | 1 | 7 | _aالجيوش |
| 650 | 1 | 7 | _aالأردن |
| 942 |
_2ddc _cBK |
||
| 999 |
_c118420 _d118420 |
||